<?xml version="1.0" encoding="UTF-8"?>
<record
    xmlns:xsi="http://www.w3.org/2001/XMLSchema-instance"
    xsi:schemaLocation="http://www.loc.gov/MARC21/slim http://www.loc.gov/standards/marcxml/schema/MARC21slim.xsd"
    xmlns="http://www.loc.gov/MARC21/slim">

  <leader>01628nam a2200373 a 4500</leader>
  <datafield tag="999" ind1=" " ind2=" ">
    <subfield code="c">18247</subfield>
    <subfield code="d">18219</subfield>
  </datafield>
  <controlfield tag="001">014834958</controlfield>
  <controlfield tag="003">OSt</controlfield>
  <controlfield tag="005">20201203142106.0</controlfield>
  <controlfield tag="008">081124t2009    xxua   frb    000 0 eng d</controlfield>
  <datafield tag="020" ind1=" " ind2=" ">
    <subfield code="a">9781416066576 (v. 1)</subfield>
  </datafield>
  <datafield tag="020" ind1=" " ind2=" ">
    <subfield code="a">1416066578 (v. 1)</subfield>
  </datafield>
  <datafield tag="020" ind1=" " ind2=" ">
    <subfield code="a">9781416066552 (v. 2)</subfield>
  </datafield>
  <datafield tag="020" ind1=" " ind2=" ">
    <subfield code="a">1416066551 (v. 2)</subfield>
  </datafield>
  <datafield tag="020" ind1=" " ind2=" ">
    <subfield code="a">9781416066569 (v. 3)</subfield>
  </datafield>
  <datafield tag="020" ind1=" " ind2=" ">
    <subfield code="a">141606656X (v. 3)</subfield>
  </datafield>
  <datafield tag="040" ind1=" " ind2=" ">
    <subfield code="a">Uk</subfield>
    <subfield code="b">eng</subfield>
    <subfield code="c">Uk</subfield>
  </datafield>
  <datafield tag="082" ind1="0" ind2="4">
    <subfield code="a">617.605</subfield>
    <subfield code="2">22</subfield>
    <subfield code="b">ORA</subfield>
  </datafield>
  <datafield tag="245" ind1="0" ind2="0">
    <subfield code="a">Oral and maxillofacial surgery.</subfield>
  </datafield>
  <datafield tag="250" ind1=" " ind2=" ">
    <subfield code="a">2nd ed.</subfield>
  </datafield>
  <datafield tag="260" ind1=" " ind2=" ">
    <subfield code="a">St. Louis, United States :</subfield>
    <subfield code="b">Saunders Elsevier,</subfield>
    <subfield code="c">c.2009.</subfield>
  </datafield>
  <datafield tag="300" ind1=" " ind2=" ">
    <subfield code="a">3 v. :</subfield>
    <subfield code="b">ill. (col.) ;</subfield>
    <subfield code="c">29 cm.</subfield>
  </datafield>
  <datafield tag="500" ind1=" " ind2=" ">
    <subfield code="a">Includes indexes.</subfield>
  </datafield>
  <datafield tag="504" ind1=" " ind2=" ">
    <subfield code="a">Includes bibliographical references.</subfield>
  </datafield>
  <datafield tag="505" ind1="0" ind2=" ">
    <subfield code="a">v. 1. Anesthesia and pain control, dentoalveolar surgery, practice management implant surgery / volume editor, Raymond J. Fonseca ; section editors, H. Dexter Barber, John D. Matheson -- v. 2. Trauma, surgical pathology, temporomandibular disorders / volume editor, Robert D. Marciani ; section editors, Eric R. Carlson, Thomas W. Braun -- v. 3. Orthognathic surgery, esthetic surgery, cleft and craniofacial surgery / volume editor, Timothy A. Turvey ; section editors, J. Robert Scully, Peter D. Waite, Bernard J. Costello, Ramon L. Ruiz.</subfield>
  </datafield>
  <datafield tag="650" ind1=" " ind2="0">
    <subfield code="a">Mouth</subfield>
    <subfield code="x">Surgery</subfield>
    <subfield code="9">35958</subfield>
    <subfield code="2">BUEsh</subfield>
  </datafield>
  <datafield tag="650" ind1=" " ind2="0">
    <subfield code="a">Face</subfield>
    <subfield code="x">Surgery</subfield>
    <subfield code="9">35960</subfield>
    <subfield code="2">BUEsh</subfield>
  </datafield>
  <datafield tag="650" ind1=" " ind2="0">
    <subfield code="9">35959</subfield>
    <subfield code="a">Maxilla</subfield>
    <subfield code="x">Surgery</subfield>
    <subfield code="2">BUEsh</subfield>
  </datafield>
  <datafield tag="651" ind1=" " ind2=" ">
    <subfield code="2">BUEsh</subfield>
  </datafield>
  <datafield tag="653" ind1=" " ind2=" ">
    <subfield code="c">May2014</subfield>
  </datafield>
  <datafield tag="700" ind1="1" ind2=" ">
    <subfield code="a">Fonseca, Raymond J.</subfield>
    <subfield code="9">35955</subfield>
  </datafield>
  <datafield tag="700" ind1="1" ind2=" ">
    <subfield code="a">Marciani, Robert D.</subfield>
    <subfield code="9">35956</subfield>
  </datafield>
  <datafield tag="700" ind1="1" ind2=" ">
    <subfield code="a">Turvey, Timothy A.</subfield>
    <subfield code="9">35957</subfield>
  </datafield>
  <datafield tag="942" ind1=" " ind2=" ">
    <subfield code="2">ddc</subfield>
    <subfield code="k">617.52059 ORA</subfield>
  </datafield>
  <datafield tag="952" ind1=" " ind2=" ">
    <subfield code="0">0</subfield>
    <subfield code="1">0</subfield>
    <subfield code="2">ddc</subfield>
    <subfield code="4">0</subfield>
    <subfield code="7">0</subfield>
    <subfield code="8">Baccah</subfield>
    <subfield code="a">MAIN</subfield>
    <subfield code="b">MAIN</subfield>
    <subfield code="c">0TH</subfield>
    <subfield code="d">2014-05-04</subfield>
    <subfield code="e">purchase</subfield>
    <subfield code="g">4400.00</subfield>
    <subfield code="l">0</subfield>
    <subfield code="o">617.605 ORA</subfield>
    <subfield code="p">000035933</subfield>
    <subfield code="r">2025-07-15 00:00:00</subfield>
    <subfield code="v">5500.00</subfield>
    <subfield code="y">REFERENCE</subfield>
    <subfield code="z">Vol.1</subfield>
  </datafield>
  <datafield tag="952" ind1=" " ind2=" ">
    <subfield code="0">0</subfield>
    <subfield code="1">0</subfield>
    <subfield code="2">ddc</subfield>
    <subfield code="4">0</subfield>
    <subfield code="7">0</subfield>
    <subfield code="8">Baccah</subfield>
    <subfield code="a">MAIN</subfield>
    <subfield code="b">MAIN</subfield>
    <subfield code="c">0TH</subfield>
    <subfield code="d">2014-05-04</subfield>
    <subfield code="e">purchase</subfield>
    <subfield code="g">4400.00</subfield>
    <subfield code="l">0</subfield>
    <subfield code="o">617.605 ORA</subfield>
    <subfield code="p">000035934</subfield>
    <subfield code="r">2025-07-15 00:00:00</subfield>
    <subfield code="v">5500.00</subfield>
    <subfield code="y">REFERENCE</subfield>
    <subfield code="z">Vol.2</subfield>
  </datafield>
  <datafield tag="952" ind1=" " ind2=" ">
    <subfield code="0">0</subfield>
    <subfield code="1">0</subfield>
    <subfield code="2">ddc</subfield>
    <subfield code="4">0</subfield>
    <subfield code="7">0</subfield>
    <subfield code="8">Baccah</subfield>
    <subfield code="a">MAIN</subfield>
    <subfield code="b">MAIN</subfield>
    <subfield code="c">0TH</subfield>
    <subfield code="d">2014-05-04</subfield>
    <subfield code="e">purchase</subfield>
    <subfield code="g">4400.00</subfield>
    <subfield code="l">0</subfield>
    <subfield code="o">617.605 ORA</subfield>
    <subfield code="p">000035935</subfield>
    <subfield code="r">2025-07-15 00:00:00</subfield>
    <subfield code="v">5500.00</subfield>
    <subfield code="y">REFERENCE</subfield>
    <subfield code="z">Vol.3</subfield>
  </datafield>
</record>
